000 00636nam a22002297a 4500
999 _c3909
_d3909
003 Nust
005 20180305043205.0
008 161124b xxu||||| |||| 00| 0 eng d
040 _cNust
041 _hurdu
082 _a891.4391
_bAHM
100 _aNimra Ahmed
_92524
245 _aMushaf
_cby Nimra Ahmed
260 _aLahore;
_bAl-Quresh,
_c2014.
300 _a357p.
650 _aNovel
_92525
650 _aUrdu Literature
_9347
880 _6100-01\(3\r
_aنمرہ احمد
880 _6245-02\(3\r
_aمصحف
_cنمرہ احمد
880 _6260\(3\r
_aلاہور:
_bالقریش پبلی کیشنز،
_c2014
942 _2ddc
_cBK